00246 a2200109 4500001000700000040003500007100001300042240003500055245003000090300000700120362000900127157035 cEscola São Tomás de Aquino aCARTELLE10aA história de Aur e Nialpor10aA história de Aur e Nia a390 a2012